I confini del paradiso : racconto in versi /

में बचाया:
ग्रंथसूची विवरण
मुख्य लेखक: Naldini, Nico (लेखक)
अन्य लेखक: Ceccatty, René : de
स्वरूप: पुस्तक
भाषा:इतालवी
प्रकाशित: Napoli : L'ancora del Mediterraneo, 2006
श्रृंखला:Odisseo ; 34
टैग: टैग जोड़ें
कोई टैग नहीं, इस रिकॉर्ड को टैग करने वाले पहले व्यक्ति बनें!

MARC

LEADER 00000nam a22000007i 4500
001 IT\ICCU\RAV\1488481
003 ItRI
005 20250724215105.0
008 061102s2006 it |||||| ||||| |||||c
020 |a 8883252063 
040 |b ita  |c ct 
041 7 |a ita  |2 ISO-639-2 
082 |a 853.914  |2 21 
100 1 |a Naldini, Nico  |0 IT\ICCU\CFIV\022524  |4 aut 
245 1 2 |a I confini del paradiso :  |b racconto in versi /  |c Nico Naldini ; premesso da René de Ceccatty. 
260 |a Napoli :  |b L'ancora del Mediterraneo,  |c 2006 
300 |a 172 p. ;  |c 21 cm. 
700 1 |a Ceccatty, René : de  |0 IT\ICCU\RAVV\075584 
830 0 |a Odisseo ;  |v 34  |0 IT\ICCU\LO1\0573551 
942 |2 ddc  |c BK 
952 |0 0  |1 0  |2 ddc  |4 0  |6 B_LPS01NALNICON11  |7 0  |9 9109  |a MI  |b MI  |d 2011-11-16  |i 6258  |l 0  |o B-LPS01-NALNI-CON11  |p CDOM6258  |r 2025-07-17 21:50:45  |w 2025-07-17  |x ACQUISTO  |y BK 
981 1 |6 z01  |a i   |b xxxe  
982 1 |6 z01  |a n 
999 |c 7585  |d 7585